000 00309nam a22001217a 4500
008 160429b xxu||||| |||| 00| 0 eng d
020 _a9780781721912
020 _a0781721811
041 _aeng
080 _a618.2
245 _aMedical Surgical nursing:
_cSuzanne C. Smeltzer; Brenda G. Bare;
942 _2udc
_cBK
999 _c1686
_d1686